000 01103nam a22002657a 4500
003 PE SENCICO BE
005 20251020182706.0
008 240219b |||||||| |||| 00| 0 eng d
040 _aPE SENCICO BE
_cPE SENCICO BE
041 _aspa
084 _aI
_aDIS
_a2017
_bC95
100 1 _91965
_aCuro Yancul, Luz Elizabeth
_eautor
245 1 _aElementos básicos del diseño aplicado en una tienda de ropa de niños /
_cLuz Elizabeth Curo Yancul
260 _aLima :
_c2017
300 _a2 v. :
_bil. col., plans.;
_c30 x 40 cm.
500 _aEl volumen 2 contiene planos (30 x 40 cm.).
502 _aMonografía de Titulación.-- Servicio Nacional de Capacitación para la Industria de la Construcción. Escuela Superior Técnica. Carrera Profesional Técnica en Diseño de Interiores, 2017
650 1 0 _944
_aDiseño de interiores
650 2 0 _91938
_aTiendas
650 2 0 _9880
_aCentros comerciales
650 2 0 _9615
_aPlanos
710 1 _aServicio Nacional de Capacitación para la Industria de la Construcción.
_bEscuela Superior Técnica
_91065
910 _bhfp
_chfp
942 _cMON
_2ddc
999 _c4952
_d4952